|
|
|
|
| LEADER |
00000nlm0a2200000 4500 |
| 001 |
244869 |
| 005 |
20240214102031.0 |
| 035 |
|
|
|a (RuTPU)RU\TPU\book\266264
|
| 090 |
|
|
|a 244869
|
| 100 |
|
|
|a 20131030d2013 k y0rusy50 ca
|
| 101 |
0 |
|
|a rus
|
| 102 |
|
|
|a RU
|
| 105 |
|
|
|a a dm 001zy
|
| 135 |
|
|
|a drcn ---uucaa
|
| 181 |
|
0 |
|a i
|
| 182 |
|
0 |
|a b
|
| 200 |
1 |
|
|a Плазмодинамический синтез ультрадисперсного нитрида титана и получение TiN-керамики методом искрового плазменного спекания
|e автореферат диссертации на соискание ученой степени кандидата технических наук
|e спец. 05.14.12
|f А. А. Евдокимов
|g Национальный исследовательский Томский политехнический университет (ТПУ), Энергетический институт (ЭНИН), Кафедра электроснабжения промышленных предприятий (ЭПП) ; науч. рук. А. А. Сивков
|
| 203 |
|
|
|a Текст
|c электронный
|
| 210 |
|
|
|a Томск
|d 2013
|
| 215 |
|
|
|a 1 файл (1.7 Mb)
|
| 300 |
|
|
|a Заглавие с титульного экрана
|
| 300 |
|
|
|a Электронная версия печатной публикации
|
| 337 |
|
|
|a Adobe Reader
|
| 452 |
|
1 |
|0 (RuTPU)RU\TPU\book\270218
|t Плазмодинамический синтез ультрадисперсного нитрида титана и получение TiN-керамики методом искрового плазменного спекания
|o автореферат диссертации на соискание ученой степени кандидата технических наук
|o спец. 05.14.12
|f А. А. Евдокимов
|g Национальный исследовательский Томский политехнический университет (ТПУ) ; науч. рук. А. А. Сивков
|c Томск
|d 2013
|p 21 с.
|a Евдокимов, Андрей Анатольевич
|
| 606 |
1 |
|
|a Титановые порошки
|x Спекание
|2 stltpush
|3 (RuTPU)RU\TPU\subj\60694
|9 77927
|
| 606 |
1 |
|
|a Плазмохимия
|x Химическая технология
|2 stltpush
|3 (RuTPU)RU\TPU\subj\30984
|9 53975
|
| 610 |
1 |
|
|a авторефераты диссертаций
|
| 610 |
1 |
|
|a электронный ресурс
|
| 610 |
1 |
|
|a труды учёных ТПУ
|
| 610 |
1 |
|
|a ультрадисперсные сверхтвердые материалы
|
| 610 |
1 |
|
|a нитрид титана
|
| 610 |
1 |
|
|a магнитоплазменные ускорители
|
| 610 |
1 |
|
|a электроэрозионная наработка
|
| 610 |
1 |
|
|a плазмодинамический синтез
|
| 610 |
1 |
|
|a керамика
|
| 610 |
1 |
|
|a свойства
|
| 610 |
1 |
|
|a получение
|
| 675 |
|
|
|a 621.762:669.2/.8(04)
|v 3
|
| 675 |
|
|
|a 66.011:533.9(04)
|v 3
|
| 686 |
|
|
|a 05.14.12
|2 oksvnk
|
| 700 |
|
1 |
|a Евдокимов
|b А. А.
|c специалист в области электроснабжения промышленных предприятий
|c инженер-проектировщик Томского политехнического университета
|f 1987-
|g Андрей Анатольевич
|3 (RuTPU)RU\TPU\pers\27065
|
| 702 |
|
1 |
|a Сивков
|b А. А.
|c специалист в области электроэнергетики
|c профессор Томского политехнического университета, доктор технических наук
|f 1951-
|g Александр Анатольевич
|3 (RuTPU)RU\TPU\pers\26846
|4 727
|9 12465
|
| 712 |
0 |
2 |
|a Национальный исследовательский Томский политехнический университет (ТПУ)
|b Энергетический институт (ЭНИН)
|b Кафедра электроснабжения промышленных предприятий (ЭПП)
|3 (RuTPU)RU\TPU\col\18676
|
| 801 |
|
2 |
|a RU
|b 63413507
|c 20140317
|g PSBO
|
| 856 |
4 |
|
|u http://www.lib.tpu.ru/fulltext/a/2013/74.pdf
|
| 942 |
|
|
|c CF
|